ADVANCED ACUPUNCTURE THERAPY (Record no. 22446)

MARC details
000 -LEADER
fixed length control field 00405nam a22001697a 4500
003 - CONTROL NUMBER IDENTIFIER
control field SGT
020 ## - INTERNATIONAL STANDARD BOOK NUMBER
International Standard Book Number 978-81-239-1726-9
082 ## - DEWEY DECIMAL CLASSIFICATION NUMBER
Classification number 615.802
Item number A19A
100 ## - MAIN ENTRY--PERSONAL NAME
Personal name AGRAWAL, ARJUN L.
245 ## - TITLE STATEMENT
Title ADVANCED ACUPUNCTURE THERAPY
250 ## - EDITION STATEMENT
Edition statement 1ST
260 ## - PUBLICATION, DISTRIBUTION, ETC. (IMPRINT)
Place of publication, distribution, etc NEW DELHI
Name of publisher, distributor, etc CBS PUBLICATION
Year of Publication 2119
300 ## - PAGE DESCRIPTION
No. of Pages 500
650 ## - SUBJECT ADDED ENTRY--TOPICAL TERM
Topical term or geographic name as entry element ACUPUNCTURE THERAPY
653 ## - KEYWORDS--INDEX TERM
Keyword term ACUPUNCTURE , THERAPY
942 ## - ADDED ENTRY ELEMENTS (KOHA)
Source of classification or shelving scheme Dewey Decimal Classification
Koha item type Books
942 ## - ADDED ENTRY ELEMENTS (KOHA)
-- 32
Holdings
Withdrawn status Lost status Source of classification or shelving scheme Damaged status Use restrictions Not for loan Collection code Home library Current library Shelving location Date acquired Vendor Name Cost, normal purchase price SGTU Bill Number Full call number Accession No. (Barcode) Date last seen Bill Date Koha item type Total Checkouts Date last borrowed
    Dewey Decimal Classification   Restricted Access   AYURVEDA SGT FA-FP Library SGT FA-FP Library Reference Book 05/03/2022 SAVERA BOOK DISTRIBUTERS 1095.00 SGTU 21-22/CRB/504 615.802 A19A FA11029 05/03/2022 31/01/2022 Books    
    Dewey Decimal Classification       AYURVEDA SGT FA-FP Library SGT FA-FP Library Text Book 05/03/2022 SAVERA BOOK DISTRIBUTERS 1095.00 SGTU 21-22/CRB/504 615.802 A19A FA11030 16/12/2024 31/01/2022 Books 14 29/11/2024
    Dewey Decimal Classification       AYURVEDA SGT FA-FP Library SGT FA-FP Library Text Book 05/03/2022 SAVERA BOOK DISTRIBUTERS 1095.00 SGTU 21-22/CRB/504 615.802 A19A FA11031 21/11/2024 31/01/2022 Books 18 23/09/2024